Vertical and horizontal economics in the electric utility industry: an integrated approach (Record no. 83844)

000 -LEADER
fixed length control field 00482pab a2200169 454500
008 - FIXED-LENGTH DATA ELEMENTS--GENERAL INFORMATION
fixed length control field 180718b2009 xxu||||| |||| 00| 0 eng d
100 ## - MAIN ENTRY--PERSONAL NAME
Personal name Piacenza, Massimiliano
245 ## - TITLE STATEMENT
Title Vertical and horizontal economics in the electric utility industry: an integrated approach
260 ## - PUBLICATION, DISTRIBUTION, ETC.
Date of publication, distribution, etc. 2009
300 ## - PHYSICAL DESCRIPTION
Extent p.431-50.
362 ## - DATES OF PUBLICATION AND/OR SEQUENTIAL DESIGNATION
Dates of publication and/or sequential designation Sep
650 ## - SUBJECT ADDED ENTRY--TOPICAL TERM
Topical term or geographic name entry element Power industry
700 ## - ADDED ENTRY--PERSONAL NAME
Personal name Vannoni, Davide
773 ## - HOST ITEM ENTRY
Main entry heading Annals of Public and Cooperative Economics
908 ## - PUT COMMAND PARAMETER (RLIN)
Put command parameter N
909 ## -
-- 83844
Holdings
Withdrawn status Lost status Damaged status Not for loan Permanent Location Current Location Date acquired Serial Enumeration / chronology Barcode Date last seen Price effective from Koha item type
        Indian Institute of Public Administration Indian Institute of Public Administration 2018-07-19 Volume no: 80, Issue no: 3 AR84304 2018-07-19 2018-07-19 Articles

Powered by Koha